000 00420nam a2200157 i 4500
001 49739
003 ES-MaACL
005 20230906162044.0
007 t|
008 030722q1925 sp ||||1| spa d
100 1 _aCouronne, H.C.
_941277
245 1 0 _aEuropa en la disyuntiva /
_cpor H.C. Couronne.
260 _a[S.l. :
_bs.n.,
_c1925?]
300 _a62 p. :
_bil. ;
_c24 cm.
852 _aES-MaACL
_j1851-F-18
_bR.21271
999 _c49739
_d49739